[Event "XV Weekend A"]
[Site "Ceriano Laghetto ITA"]
[Date "2006.04.01"]
[Round "3"]
[White "Ranola, Yves"]
[Black "Astengo, Marcello"]
[Result "1-0"]
[WhiteElo "2434"]
[BlackElo "2091"]
[PlyCount "99"]
[EventDate "2006.03.31"]

1. Nf3 d5 2. g3 c6 3. Bg2 Nf6 4. c4 Bf5 5. cxd5 Nxd5 6. O-O h6 7. Ne5 Bh7 8.
Qb3 Nd7 9. d4 e6 10. Qxb7 Nxe5 11. dxe5 Qc8 12. Qxc8+ Rxc8 13. e4 Nb4 14. Na3
Bc5 15. Nc4 O-O 16. Be3 Bxe3 17. Nxe3 Rfd8 18. Rfd1 Nd3 19. Nc4 Rd4 20. b3 Rcd8
21. f3 g5 22. Rd2 Nb4 23. Rad1 Rxd2 24. Rxd2 Rxd2 25. Nxd2 Nxa2 26. Kf2 h5 27.
Ke3 Kf8 28. Kd4 Ke7 29. Bf1 Kd7 30. Nc4 Nb4 31. Ne3 Kc7 32. h4 gxh4 33. gxh4
Bg6 34. f4 Kb6 35. f5 c5+ 36. Kc3 Bh7 37. Be2 Nc6 38. Nc4+ Kc7 39. Bxh5 exf5
40. exf5 Bxf5 41. Bxf7 Kd7 42. Bd5 Nb4 43. Bb7 Na2+ 44. Kd2 Nb4 45. h5 Ke7 46.
Ke3 Bc2 47. h6 Kf7 48. Be4 Bxb3 49. e6+ Kxe6 50. h7 1-0

[Event "XV Weekend A"]
[Site "Ceriano Laghetto ITA"]
[Date "2006.04.01"]
[Round "3"]
[White "Sbarra, Marco"]
[Black "Zacco, Remo"]
[Result "1-0"]
[WhiteElo "2270"]
[BlackElo "2009"]
[PlyCount "81"]
[EventDate "2006.03.31"]

1. Nf3 Nf6 2. c4 g6 3. Nc3 Bg7 4. e4 d6 5. d4 O-O 6. Be2 e5 7. d5 a5 8. Bg5
Nbd7 9. Nd2 Nc5 10. O-O h6 11. Be3 b6 12. b3 Re8 13. a3 Ncd7 14. b4 Nh7 15. Qc2
Rf8 16. Nb3 f5 17. f3 f4 18. Bf2 g5 19. c5 Ndf6 20. cxb6 cxb6 21. Na4 axb4 22.
axb4 Rb8 23. Rfc1 g4 24. Qc7 Qxc7 25. Rxc7 gxf3 26. gxf3 Ng5 27. Bxb6 Ngxe4 28.
fxe4 Nxe4 29. Rac1 Bh3 30. Bf1 Bf5 31. Na5 Bf6 32. Nc6 Rbc8 33. Nc3 Nd2 34. Rd1
Nf3+ 35. Kh1 Kh8 36. Bg2 e4 37. Ne2 Be5 38. Nxe5 dxe5 39. Nxf4 exf4 40. Bxf3
exf3 41. Bd4+ 1-0

[Event "XV Weekend A"]
[Site "Ceriano Laghetto ITA"]
[Date "2006.04.01"]
[Round "3"]
[White "Vezzosi, Paolo"]
[Black "Luciani, Valerio"]
[Result "1-0"]
[WhiteElo "2362"]
[BlackElo "2249"]
[PlyCount "115"]
[EventDate "2006.03.31"]

1. Nf3 f5 2. c4 Nf6 3. g3 g6 4. Bg2 Bg7 5. O-O O-O 6. Nc3 d6 7. d4 c6 8. b3 Na6
9. Bb2 Qe8 10. d5 Bd7 11. Rc1 c5 12. Nd2 f4 13. gxf4 Bh6 14. e3 Nc7 15. Nce4
Nh5 16. Ng3 Ng7 17. Nde4 b5 18. Qd2 a5 19. Rfd1 Qc8 20. Bf1 b4 21. Kh1 Nce8 22.
f3 Nf5 23. Nxf5 Bxf5 24. Bd3 Ng7 25. Rg1 a4 26. Rce1 Nh5 27. Ng5 Bxd3 28. Qxd3
Qf5 29. Qe4 axb3 30. axb3 Ra2 31. Rb1 Bxg5 32. Rxg5 Qxe4 33. fxe4 Nf6 34. e5
Ne4 35. Rg2 Rfa8 36. h4 Nc3 37. Rc1 Ne4 38. Rcc2 dxe5 39. fxe5 Rf8 40. Kh2 Rf3
41. Rce2 Kf8 42. e6 Ke8 43. Be5 Rxe2 44. Rxe2 Rf2+ 45. Rxf2 Nxf2 46. Bc7 Ng4+
47. Kh3 Nxe3 48. Bb6 Nxc4 49. Bxc5 Nd2 50. Bxb4 Nxb3 51. Kg4 Nd4 52. Bc5 Nb5
53. Kf4 Nc3 54. Ke5 Ne2 55. Bxe7 Kxe7 56. d6+ Ke8 57. Kf6 Ng3 58. d7+ 1-0

[Event "XV Weekend A"]
[Site "Ceriano Laghetto ITA"]
[Date "2006.04.02"]
[Round "4"]
[White "Astengo, Marcello"]
[Black "Brugo, Marco"]
[Result "0-1"]
[WhiteElo "2091"]
[BlackElo "2041"]
[PlyCount "88"]
[EventDate "2006.03.31"]

1. d4 Nf6 2. c4 c5 3. d5 e6 4. Nc3 exd5 5. cxd5 d6 6. e4 g6 7. Bd3 Bg7 8. Nge2
O-O 9. O-O Na6 10. Ng3 Rb8 11. Nb5 Ra8 12. Bf4 Ne8 13. Qd2 Nac7 14. Nc3 a6 15.
a4 Rb8 16. Qe2 Nf6 17. Rad1 Re8 18. Bc4 Ng4 19. h3 Ne5 20. Ba2 b5 21. Qc2 c4
22. Bxe5 Bxe5 23. Nce2 h5 24. f4 Bg7 25. e5 dxe5 26. f5 Nxd5 27. Rxd5 Qxd5 28.
fxg6 fxg6 29. Qxg6 Rf8 30. Rxf8+ Kxf8 31. Nxh5 Rb7 32. Nc3 Qc5+ 33. Kh1 Rf7 34.
Ne4 Rf1+ 35. Kh2 Qg1+ 36. Kg3 Qe3+ 37. Kh2 Qh6 38. Qd6+ Qxd6 39. Nxd6 e4 40.
axb5 Be5+ 41. g3 Bxd6 42. Bxc4 Rf2+ 43. Kg1 Bc5 44. b4 Bb6 0-1

[Event "XV Weekend A"]
[Site "Ceriano Laghetto ITA"]
[Date "2006.04.02"]
[Round "4"]
[White "Farachi, Francesco"]
[Black "Pelizzola, Danilo"]
[Result "1-0"]
[WhiteElo "2103"]
[BlackElo "2015"]
[PlyCount "97"]
[EventDate "2006.03.31"]

1. e4 c5 2. Nf3 Nc6 3. d4 cxd4 4. Nxd4 Nf6 5. Nc3 e5 6. Ndb5 d6 7. Nd5 Nxd5 8.
exd5 Nb8 9. Qf3 a6 10. Qa3 Be7 11. Bg5 Bf5 12. Bxe7 Kxe7 13. c4 Qb6 14. Be2 Nd7
15. Nc3 Rhd8 16. g4 Bg6 17. h4 h6 18. Rd1 Nc5 19. b4 Ne4 20. Nxe4 Bxe4 21. f3
Bg6 22. c5 Qc7 23. Qe3 Rac8 24. f4 f6 25. fxe5 fxe5 26. h5 Bh7 27. g5 hxg5 28.
Qxg5+ Kf8 29. Bg4 Kg8 30. Be6+ Kh8 31. Bxc8 Rxc8 32. h6 Rf8 33. Qxg7+ Qxg7 34.
hxg7+ Kxg7 35. Rg1+ Kf7 36. Rd2 Be4 37. Rg4 Bh1 38. Rh4 Bf3 39. Rh7+ Kf6 40.
Rxb7 e4 41. Kf2 Ke5 42. Ke3 Bg4 43. Re7+ Kf6 44. Rxe4 Bf5 45. Rf2 Kg5 46. Re7
a5 47. cxd6 axb4 48. d7 Ra8 49. Re5 1-0

[Event "XV Weekend A"]
[Site "Ceriano Laghetto ITA"]
[Date "2006.04.02"]
[Round "4"]
[White "Lapiccirella, Daniele"]
[Black "Bozzali, Ermanno"]
[Result "1-0"]
[WhiteElo "2131"]
[BlackElo "2105"]
[PlyCount "61"]
[EventDate "2006.03.31"]

1. d4 Nf6 2. c4 e6 3. Bg5 h6 4. Bh4 Bb4+ 5. Nd2 g5 6. Bg3 Ne4 7. Ngf3 h5 8. Qc2
Nxd2 9. Nxd2 Nc6 10. d5 h4 11. Bxh4 Rxh4 12. dxc6 Rd4 13. O-O-O bxc6 14. e3
Rxd2 15. Rxd2 Bxd2+ 16. Qxd2 Qf6 17. Bd3 c5 18. f4 gxf4 19. exf4 Rb8 20. h4 Bb7
21. f5 Qd4 22. h5 Ke7 23. h6 Ba6 24. h7 Qg7 25. Qf2 Qg5+ 26. Kb1 Rh8 27. Qxc5+
Kd8 28. Qd4 f6 29. fxe6 d6 30. Qxa7 Qxg2 31. Rg1 1-0

[Event "XV Weekend A"]
[Site "Ceriano Laghetto ITA"]
[Date "2006.04.02"]
[Round "4"]
[White "Luciani, Valerio"]
[Black "Barlocco, Carlo"]
[Result "1-0"]
[WhiteElo "2249"]
[BlackElo "2192"]
[PlyCount "77"]
[EventDate "2006.03.31"]

1. d4 d5 2. c4 c6 3. Nc3 e6 4. cxd5 exd5 5. Bf4 Bf5 6. e3 Qb6 7. Qd2 Nf6 8. f3
Be7 9. Nge2 O-O 10. g4 Bg6 11. h4 h5 12. g5 Ne8 13. Bh3 Na6 14. a3 Nd6 15. Bxd6
Bxd6 16. f4 f5 17. Ng3 Rae8 18. O-O Nc7 19. Bg2 Re7 20. Bf3 Ne8 21. Rae1 Bb8
22. Nxh5 Bxh5 23. Bxh5 Nd6 24. Nd1 Kh7 25. g6+ Kg8 26. Bf3 Nc4 27. Qf2 Rfe8 28.
Re2 Qb3 29. Rfe1 Qd3 30. Bg2 Bc7 31. Bf1 Qb3 32. Bh3 Ba5 33. Qf3 Bxe1 34. Qh5
Rxe3 35. Nxe3 Nxe3 36. Bxf5 Bf2+ 37. Kxf2 Ng4+ 38. Bxg4 Rxe2+ 39. Bxe2 1-0

[Event "XV Weekend A"]
[Site "Ceriano Laghetto ITA"]
[Date "2006.04.02"]
[Round "4"]
[White "Mastroddi, Emiliano"]
[Black "Cazzaniga, Walter"]
[Result "0-1"]
[WhiteElo "2055"]
[BlackElo "2133"]
[PlyCount "44"]
[EventDate "2006.03.31"]

1. e4 e6 2. d4 d5 3. exd5 exd5 4. Bf4 Nf6 5. Bd3 Bd6 6. Bxd6 Qxd6 7. Qe2+ Be6
8. Nf3 Nc6 9. c3 O-O 10. O-O Rae8 11. Qc2 Ne4 12. Nbd2 f5 13. b4 Qf4 14. Rad1
a6 15. a4 g5 16. b5 axb5 17. axb5 Ne7 18. Ne5 g4 19. f3 Qe3+ 20. Kh1 Ng3+ 21.
hxg3 Rf6 22. Nxg4 fxg4 0-1

[Event "XV Weekend A"]
[Site "Ceriano Laghetto ITA"]
[Date "2006.04.02"]
[Round "4"]
[White "Pace, Pietro Dario"]
[Black "Vezzosi, Paolo"]
[Result "1/2-1/2"]
[WhiteElo "2185"]
[BlackElo "2362"]
[PlyCount "70"]
[EventDate "2006.03.31"]

1. e4 c5 2. Nf3 Nc6 3. Nc3 Nf6 4. d4 cxd4 5. Nxd4 e5 6. Ndb5 d6 7. Bg5 a6 8.
Na3 b5 9. Nd5 Be7 10. Bxf6 Bxf6 11. c3 Bg5 12. Nc2 Rb8 13. Bd3 Be6 14. Nce3 O-O
15. O-O Ne7 16. Nxe7+ Qxe7 17. Qe2 Qa7 18. Nd5 g6 19. a4 Bxd5 20. exd5 Qc5 21.
axb5 axb5 22. Ra5 Qxd5 23. Rxb5 Rxb5 24. Bxb5 Qe6 25. Qc4 d5 26. Qc6 Rb8 27.
Qxe6 fxe6 28. c4 Kf7 29. b3 e4 30. Rd1 Kf6 31. Bc6 Rxb3 32. cxd5 e3 33. fxe3
Bxe3+ 34. Kf1 exd5 35. Bxd5 Rc3 1/2-1/2

[Event "XV Weekend A"]
[Site "Ceriano Laghetto ITA"]
[Date "2006.04.02"]
[Round "4"]
[White "Salvador, Roland"]
[Black "Ranola, Yves"]
[Result "1/2-1/2"]
[WhiteElo "2402"]
[BlackElo "2434"]
[PlyCount "29"]
[EventDate "2006.03.31"]

1. e4 Nf6 2. Nc3 d5 3. exd5 Nxd5 4. d4 Nc6 5. Nf3 Bg4 6. Be2 e6 7. Nxd5 Qxd5 8.
O-O O-O-O 9. Be3 Be7 10. h3 Bh5 11. Ne5 Bxe2 12. Nxc6 Qxc6 13. Qxe2 Bf6 14.
Rfd1 Rd7 15. c3 1/2-1/2

[Event "XV Weekend A"]
[Site "Ceriano Laghetto ITA"]
[Date "2006.04.02"]
[Round "4"]
[White "Sbarra, Marco"]
[Black "Radice, Luca"]
[Result "1-0"]
[WhiteElo "2270"]
[BlackElo "2091"]
[PlyCount "75"]
[EventDate "2006.03.31"]

1. d4 d5 2. c4 e6 3. Nc3 Nf6 4. Bg5 h6 5. Bxf6 Qxf6 6. cxd5 exd5 7. Nxd5 Qd8 8.
Nc3 Be7 9. Nf3 O-O 10. e3 c6 11. Bc4 Nd7 12. Bb3 Nb6 13. Ne5 Nd5 14. O-O Be6
15. Nxd5 Bxd5 16. Bxd5 Qxd5 17. Qf3 Rad8 18. Rfd1 Qxf3 19. Nxf3 f5 20. Kf1 Bf6
21. Rac1 Rd5 22. b3 Rfd8 23. Ke2 Kf7 24. Rc4 g5 25. Rdc1 g4 26. Nd2 Re8 27. Kd3
Red8 28. Rc5 Ke6 29. Rxd5 Rxd5 30. Rc5 Rd7 31. Nf1 f4 32. Rh5 Bg7 33. Ke4 fxe3
34. fxe3 Rf7 35. Ng3 Rf2 36. Rh4 Rxg2 37. Nh5 Bf8 38. Nf4+ 1-0

[Event "XV Weekend A"]
[Site "Ceriano Laghetto ITA"]
[Date "2006.04.02"]
[Round "4"]
[White "Virzi, Ettore"]
[Black "Frigieri, Fabrizio"]
[Result "0-1"]
[WhiteElo "2003"]
[BlackElo "2096"]
[PlyCount "92"]
[EventDate "2006.03.31"]

1. e4 c5 2. Nf3 Nc6 3. d4 cxd4 4. Nxd4 Nf6 5. Nc3 Qc7 6. f4 d6 7. Be2 e6 8. Be3
a6 9. O-O Be7 10. Kh1 O-O 11. a4 Bd7 12. a5 Nxa5 13. e5 Ne8 14. Nf3 Nc4 15. Bc1
d5 16. Bd3 f6 17. Nh4 f5 18. Nf3 g6 19. Ne2 Ng7 20. b3 Na5 21. Qe1 Nc6 22. Ba3
Bxa3 23. Rxa3 Qd8 24. Nfd4 Qe7 25. Ra1 Rac8 26. c3 Rc7 27. Rf3 Rfc8 28. Bc2 Nb8
29. g3 Be8 30. Bd3 Nd7 31. c4 Nb6 32. cxd5 Nxd5 33. Bc4 Nb6 34. Bd3 Qc5 35. Qa5
Qxa5 36. Rxa5 Rd8 37. Rf1 Rcd7 38. Bc4 Rxd4 39. Nxd4 Rxd4 40. Rc1 Bc6+ 41. Kg1
Nxc4 42. bxc4 Rd2 43. Raa1 Bf3 44. Rab1 Kf7 45. c5 Ke7 46. h3 Nh5 0-1

[Event "XV Weekend A"]
[Site "Ceriano Laghetto ITA"]
[Date "2006.04.02"]
[Round "4"]
[White "Zacco, Remo"]
[Black "Bellotto, Stefano"]
[Result "1-0"]
[WhiteElo "2009"]
[BlackElo "2034"]
[PlyCount "99"]
[EventDate "2006.03.31"]

1. e4 d6 2. d4 Nf6 3. Nc3 c6 4. Nf3 Bg4 5. h3 Bh5 6. Bd3 e6 7. Be3 d5 8. e5
Nfd7 9. g4 Bg6 10. Ne2 c5 11. c3 c4 12. Bc2 Nc6 13. b4 cxb3 14. axb3 b5 15. O-O
Nb6 16. Bd3 Bxd3 17. Qxd3 a6 18. Ng3 g6 19. Bg5 Be7 20. Bh6 Bf8 21. Qe3 Bxh6
22. Qxh6 Qe7 23. Qg7 Qf8 24. Qf6 Nd7 25. Qg5 h6 26. Qe3 Qe7 27. Kg2 Kf8 28. h4
Kg7 29. Rh1 a5 30. Nd2 f5 31. gxf5 exf5 32. f4 h5 33. Nf3 a4 34. bxa4 Rxa4 35.
Rxa4 bxa4 36. Ra1 Nb6 37. Ng5 Nc4 38. Qf3 a3 39. Kh3 Rd8 40. Qe2 Rb8 41. Qd1
Rb2 42. Qa4 N6a5 43. e6 Kf6 44. Rxa3 Nxa3 45. Qxa5 Nb5 46. Qa8 Kg7 47. Qxd5 Nc7
48. Qe5+ Kg8 49. d5 Rd2 50. Nf7 1-0

[Event "XV Weekend A"]
[Site "Ceriano Laghetto ITA"]
[Date "2006.04.02"]
[Round "5"]
[White "Barlocco, Carlo"]
[Black "Sbarra, Marco"]
[Result "0-1"]
[WhiteElo "2192"]
[BlackElo "2270"]
[PlyCount "72"]
[EventDate "2006.03.31"]

1. c4 e6 2. Nf3 d5 3. e3 c5 4. d4 Nc6 5. Nc3 Nf6 6. cxd5 exd5 7. Bb5 Be7 8. O-O
O-O 9. Bxc6 bxc6 10. Ne5 Qc7 11. Bd2 Bd6 12. f4 cxd4 13. exd4 Qb6 14. Be3 Qxb2
15. Na4 Qb7 16. Qc2 Re8 17. Rfc1 Bd7 18. Rab1 Qc7 19. Bd2 Rac8 20. Bb4 Ne4 21.
Bxd6 Nxd6 22. Rb3 f6 23. Nxd7 Qxd7 24. Rc3 Nb5 25. Rh3 h6 26. Qd2 Qg4 27. Re3
Nd6 28. h3 Qh4 29. Rf1 Nc4 30. Rxe8+ Rxe8 31. Qb4 Qg3 32. Nc3 Ne3 33. Rf2 Ng4
34. hxg4 Re1+ 35. Rf1 Qe3+ 36. Kh2 Rxf1 0-1

[Event "XV Weekend A"]
[Site "Ceriano Laghetto ITA"]
[Date "2006.04.02"]
[Round "5"]
[White "Bozzali, Ermanno"]
[Black "Brugo, Marco"]
[Result "0-1"]
[WhiteElo "2105"]
[BlackElo "2041"]
[PlyCount "74"]
[EventDate "2006.03.31"]

1. d4 e6 2. e4 d5 3. Nc3 Nf6 4. e5 Nfd7 5. f4 c5 6. Nf3 Nc6 7. Be3 cxd4 8. Nxd4
Bc5 9. Qd2 O-O 10. h4 Nxd4 11. Bxd4 a6 12. O-O-O b5 13. Bxc5 Nxc5 14. Bd3 b4
15. Ne2 a5 16. Kb1 Ba6 17. Nd4 Qb6 18. Qe3 a4 19. Bxa6 Qxa6 20. f5 a3 21. b3
Ne4 22. f6 gxf6 23. exf6 Kh8 24. Nf3 e5 25. Qh6 Qxf6 26. Qxf6+ Nxf6 27. Nxe5
Ne4 28. Rd4 Nc3+ 29. Ka1 Rae8 30. Nd3 Re2 31. Rc1 Rxg2 32. Rxb4 Rfg8 33. Rb7
Rg1 34. Re1 Rxe1+ 35. Nxe1 Rg1 36. Re7 f5 37. h5 Ne4 0-1

[Event "XV Weekend A"]
[Site "Ceriano Laghetto ITA"]
[Date "2006.04.02"]
[Round "5"]
[White "Cazzaniga, Walter"]
[Black "Frigieri, Fabrizio"]
[Result "1/2-1/2"]
[WhiteElo "2133"]
[BlackElo "2096"]
[PlyCount "68"]
[EventDate "2006.03.31"]

1. d4 d5 2. c4 e6 3. Nc3 c6 4. e3 Nf6 5. Nf3 Nbd7 6. Qc2 Bd6 7. g4 dxc4 8. g5
Nd5 9. Bxc4 Qe7 10. Bd2 N7b6 11. Be2 e5 12. dxe5 Bxe5 13. Nxe5 Qxe5 14. O-O-O
Nb4 15. Qb3 a5 16. f4 Qc5 17. Kb1 Be6 18. Qa3 O-O 19. e4 Rfd8 20. b3 Rxd2 21.
Rxd2 Qxc3 22. Rhd1 g6 23. Rd8+ Rxd8 24. Rxd8+ Kg7 25. Qb2 Qxb2+ 26. Kxb2 c5 27.
Rb8 Nc8 28. a3 Nc6 29. Rxb7 Nd4 30. Bd3 Nd6 31. Rb6 Nc8 32. Rb8 Nd6 33. Rb6 Nc8
34. Rb8 Nd6 1/2-1/2

[Event "XV Weekend A"]
[Site "Ceriano Laghetto ITA"]
[Date "2006.04.02"]
[Round "5"]
[White "Luciani, Valerio"]
[Black "Pace, Pietro Dario"]
[Result "0-1"]
[WhiteElo "2249"]
[BlackElo "2185"]
[PlyCount "75"]
[EventDate "2006.03.31"]

1. d4 Nf6 2. c4 g6 3. Nc3 d5 4. cxd5 Nxd5 5. e4 Nxc3 6. bxc3 Bg7 7. Bc4 O-O 8.
Be3 c5 9. Ne2 Qc7 10. Rc1 Nc6 11. h4 Na5 12. Bd3 b6 13. h5 Rd8 14. hxg6 hxg6
15. Qd2 e5 16. Bh6 f6 17. d5 c4 18. Bb1 Bh8 19. f4 Nc6 20. Kf2 Qe7 21. Rcf1
exf4 22. Bxf4 Ne5 23. Nd4 Ng4+ 24. Ke1 Bd7 25. Qe2 Ne5 26. Qe3 Bg7 27. Qg3 Ng4
28. Bd6 Qe8 29. Qh4 Bc8 30. Qh7+ Kf7 31. e5 Nxe5 32. Ne6 Bxe6 33. Bxe5 Bf5 34.
Rxf5 gxf5 35. Bxf5 Qxe5+ 36. Kf1 Rxd5 37. Qg6+ Kf8 38. Rh7 0-1

[Event "XV Weekend A"]
[Site "Ceriano Laghetto ITA"]
[Date "2006.04.02"]
[Round "5"]
[White "Pelizzola, Danilo"]
[Black "Mastroddi, Emiliano"]
[Result "1/2-1/2"]
[WhiteElo "2015"]
[BlackElo "2055"]
[PlyCount "73"]
[EventDate "2006.03.31"]

1. e4 e5 2. Nf3 Nc6 3. Bb5 Nf6 4. d3 Bc5 5. O-O d6 6. Be3 Bb6 7. Nbd2 O-O 8. c3
Ng4 9. Bxb6 axb6 10. Bxc6 bxc6 11. d4 Qe7 12. h3 Nf6 13. Re1 Rd8 14. Qc2 Nh5
15. Nc4 f6 16. Kh2 Nf4 17. Ng1 Qf7 18. Ne3 Rxa2 19. Rxa2 Qxa2 20. g3 Ng6 21. d5
c5 22. Ne2 Bd7 23. c4 Ra8 24. Nc3 Qa6 25. Rb1 Qc8 26. Nf5 Kf7 27. f3 Ne7 28.
Nxe7 Kxe7 29. g4 h5 30. Qg2 hxg4 31. fxg4 g5 32. Qf3 Qh8 33. Kg2 Qg7 34. Rf1
Qg6 35. Qe2 Qh6 36. Qf3 Qg6 37. Qe2 1/2-1/2

[Event "XV Weekend A"]
[Site "Ceriano Laghetto ITA"]
[Date "2006.04.02"]
[Round "5"]
[White "Radice, Luca"]
[Black "Astengo, Marcello"]
[Result "0-1"]
[WhiteElo "2091"]
[BlackElo "2091"]
[PlyCount "78"]
[EventDate "2006.03.31"]

1. d4 d5 2. Nf3 Nf6 3. c4 c6 4. e3 e6 5. Nbd2 Bd6 6. Bd3 Nbd7 7. O-O O-O 8. e4
dxe4 9. Nxe4 Nxe4 10. Bxe4 Qa5 11. Bg5 h6 12. Bh4 f5 13. Bc2 g5 14. Nxg5 hxg5
15. Qh5 Nf6 16. Qg6+ Kh8 17. Bxg5 Nh7 18. c5 Bb8 19. Be7 Qc7 20. Bd6 Qf7 21.
Qh6 Bxd6 22. cxd6 Qg7 23. Qd2 Rg8 24. f4 Bd7 25. Rae1 Rad8 26. Rf3 Bc8 27. Rg3
Qf6 28. Ree3 Rxg3 29. Rxg3 Rxd6 30. Rd3 Qd8 31. b4 b6 32. Qd1 Nf6 33. Rh3+ Kg7
34. Qe1 Rxd4 35. Qh4 Rd1+ 36. Bxd1 Qxd1+ 37. Kf2 Ne4+ 38. Ke3 Qd2+ 39. Kf3 Qd3#
0-1

[Event "XV Weekend A"]
[Site "Ceriano Laghetto ITA"]
[Date "2006.04.02"]
[Round "5"]
[White "Ranola, Yves"]
[Black "Lapiccirella, Daniele"]
[Result "1-0"]
[WhiteElo "2434"]
[BlackElo "2131"]
[PlyCount "99"]
[EventDate "2006.03.31"]

1. Nf3 d5 2. g3 Nf6 3. Bg2 c6 4. c4 Bg4 5. cxd5 Bxf3 6. Bxf3 cxd5 7. Nc3 e6 8.
d3 Nc6 9. O-O Be7 10. e4 d4 11. Ne2 O-O 12. Bg2 Qb6 13. Kh1 Rfd8 14. Bg5 Qxb2
15. Rb1 Qxa2 16. Rxb7 Qa6 17. Rb1 Rac8 18. Nf4 Nxe4 19. Bxe7 Nc3 20. Qg4 Nxe7
21. Rb7 Ned5 22. Bxd5 Nxd5 23. Nh5 g6 24. Rb3 Kf8 25. Nf4 Qd6 26. Ng2 Nc3 27.
h4 h5 28. Qg5 Qd5 29. Qh6+ Kg8 30. Ra3 a5 31. Kh2 a4 32. Nf4 Qf5 33. Re1 e5 34.
Nh3 Qf6 35. Raa1 Ra8 36. f4 Qg7 37. Qxg7+ Kxg7 38. fxe5 a3 39. Ng5 a2 40. e6 f6
41. e7 fxg5 42. exd8=Q Rxd8 43. hxg5 Rd7 44. Re6 Rb7 45. Ra6 Kf7 46. Kh3 Rb2
47. Rf1+ Ke7 48. Rff6 Rb1 49. Ra7+ Kd8 50. Rxg6 1-0

[Event "XV Weekend A"]
[Site "Ceriano Laghetto ITA"]
[Date "2006.04.02"]
[Round "5"]
[White "Vezzosi, Paolo"]
[Black "Salvador, Roland"]
[Result "0-1"]
[WhiteElo "2362"]
[BlackElo "2402"]
[PlyCount "58"]
[EventDate "2006.03.31"]

1. Nf3 d5 2. g3 c5 3. Bg2 Nc6 4. c4 d4 5. d3 e5 6. O-O Bd6 7. e3 Bg4 8. exd4
Nxd4 9. Be3 Ne7 10. Bxd4 cxd4 11. Nbd2 O-O 12. a3 Rc8 13. b4 Qd7 14. Qb3 Bb8
15. Rfe1 Ng6 16. c5 Kh8 17. Nc4 Rce8 18. Nfd2 Bh3 19. Bf3 f5 20. Bh1 e4 21.
dxe4 f4 22. Nf3 fxg3 23. hxg3 Qf7 24. Qc2 Nf4 25. Nxd4 Be6 26. Nxe6 Nh3+ 27.
Kg2 Rxe6 28. Nd6 Bxd6 29. cxd6 Rh6 0-1

[Event "XV Weekend A"]
[Site "Ceriano Laghetto ITA"]
[Date "2006.04.02"]
[Round "5"]
[White "Zacco, Remo"]
[Black "Farachi, Francesco"]
[Result "1/2-1/2"]
[WhiteElo "2009"]
[BlackElo "2103"]
[PlyCount "126"]
[EventDate "2006.03.31"]

1. e4 c5 2. Nf3 Nc6 3. Bb5 d6 4. O-O e5 5. c3 Be7 6. d4 cxd4 7. cxd4 Bd7 8. Re1
exd4 9. Nxd4 Nxd4 10. Bxd7+ Qxd7 11. Qxd4 Bf6 12. Qd3 Ne7 13. Nc3 O-O 14. Bf4
Rad8 15. Rad1 Ng6 16. Bg3 Qc6 17. Qd2 h5 18. Nd5 Be7 19. f4 Rde8 20. Rc1 Qa4
21. b3 Qa3 22. Rc7 Bd8 23. Rc4 b5 24. Rc2 Ne7 25. Bf2 Nxd5 26. Qxd5 Qb4 27.
Rce2 Re6 28. Bxa7 h4 29. Bd4 h3 30. g3 Rg6 31. f5 Rg4 32. Bf2 Bf6 33. Qd3 Rg5
34. Be3 Rg4 35. Bf4 Rxf4 36. gxf4 Bc3 37. Rd1 Bf6 38. Qxh3 Qc5+ 39. Kh1 Rc8 40.
Qd3 Qa7 41. Qe3 Qe7 42. Rd3 b4 43. Kg2 Bc3 44. e5 dxe5 45. fxe5 Rc5 46. Qg3
Bxe5 47. Rxe5 Rxe5 48. Rd8+ Qxd8 49. Qxe5 Qd2+ 50. Kf3 Qd3+ 51. Kf4 Qd2+ 52.
Ke4 Qe2+ 53. Kd5 Qd2+ 54. Kc4 Kh7 55. h4 Qxa2 56. Kxb4 Qa6 57. Qd4 f6 58. Kc3
Qa1+ 59. Kb4 Qa6 60. Kc5 Qa5+ 61. Kc4 Qa6+ 62. Kc5 Qa7+ 63. Kb4 Qa6 1/2-1/2

[Event "VII C.to Europeo femminile"]
[Site "Kusadasi TUR"]
[Date "2006.04.04"]
[Round "1"]
[White "Sedina, Elena"]
[Black "Muzychuk, Mariya"]
[Result "0-1"]
[WhiteElo "2373"]
[BlackElo "2172"]
[PlyCount "80"]
[EventDate "2006.04.04"]

1.e4 c5 2.Nf3 Nc6 3.Bb5 Nf6 4.Nc3 Qc7 5.O-O Nd4 6.Re1 a6 7.Bf1 Ng4 8.g3 
Nxf3+ 9.Qxf3 Ne5 10.Qd1 e6 11.Bg2 d6 12.a4 Nc6 13.d3 Be7 14.Be3 Bf6 15.Qd2
O-O 16.f4 b6 17.a5 Bxc3 18.bxc3 Nxa5 19.f5 exf5 20.exf5 Bxf5 21.Bxa8 Rxa8 
22.Qg2 Rc8 23.Bf4 Be6 24.g4 Qd7 25.h3 d5 26.Reb1 Rc6 27.Bd2 h5 28.gxh5 
Bxh3 29.Qg3 Qf5 30.Kh2 Bg4 31.Kg2 Bxh5 32.Rf1 Qd7 33.Kh2 Rg6 34.Qh4 Be2 
35.Rf2 Rg4 36.Qh3 Qe7 37.Rf4 Qd6 38.Rf1 Rg6 39.Rg1 Rh6 40.Rxg7+ Kxg7 0-1

[Event "VII C.to Europeo femminile"]
[Site "Kusadasi TUR"]
[Date "2006.04.07"]
[Round "4"]
[White "Shukurova, Meihriban"]
[Black "Sedina, Elena"]
[Result "0-1"]
[WhiteElo "2205"]
[BlackElo "2373"]
[PlyCount "40"]
[EventDate "2006.04.04"]

1.Nf3 Nf6 2.g3 d5 3.Bg2 c6 4.d3 Bg4 5.Nbd2 Nbd7 6.b3 e5 7.Bb2 Bd6 8.O-O 
O-O 9.h3 Bh5 10.e4 Re8 11.Qe1 Qc7 12.Kh1 Rad8 13.Nh4 a6 14.Nf5 Bf8 15.f4 
dxe4 16.dxe4 Bg6 17.Nh4 exf4 18.gxf4 Nh5 19.Qe3 Bc5 20.Qf3 Ndf6 0-1

[Event "VII C.to Europeo femminile"]
[Site "Kusadasi TUR"]
[Date "2006.04.12"]
[Round "8"]
[White "Kadimova, Ilaha"]
[Black "Sedina, Elena"]
[Result "1/2-1/2"]
[WhiteElo "2310"]
[BlackElo "2373"]
[PlyCount "201"]
[EventDate "2006.04.04"]

1.d4 Nf6 2.c4 c5 3.d5 b5 4.cxb5 a6 5.bxa6 g6 6.g3 d6 7.Nc3 Bxa6 8.Bg2 Bg7 
9.Nh3 Nbd7 10.O-O O-O 11.Qc2 Qa5 12.Rb1 Rfb8 13.Bd2 c4 14.a3 Nc5 15.Na2 
Qa4 16.Rbc1 Ne8 17.Bc3 Qxc2 18.Rxc2 Bxc3 19.Nxc3 Bc8 20.Ng5 Nf6 21.Nge4 
Nfxe4 22.Nxe4 Bf5 23.f3 Bxe4 24.fxe4 Ra4 25.Rfc1 c3 26.bxc3 Rxa3 27.Kf2 
Rbb3 28.Ke3 Kg7 29.Kd2 Ra4 30.Rf1 Nxe4+ 31.Bxe4 Rxe4 32.Kd3 f5 33.Rf4 Re5 
34.Rd4 Rb5 35.c4 Rb3+ 36.Kd2 Rbe3 37.Ke1 R3e4 38.Rxe4 Rxe4 39.Kd2 h5 40.
Kd3 h4 41.gxh4 Rxh4 42.e3 Kf6 43.Rg2 g5 44.Ra2 Ke5 45.Rg2 g4 46.Ra2 Rh3 
47.Rf2 Rh8 48.Ra2 Rb8 49.Ra7 Kf6 50.Ra2 Rb1 51.Rf2 Ke5 52.Ra2 Rb3+ 53.Kd2 
Rb4 54.Kc3 Rb1 55.Kd3 Rd1+ 56.Ke2 Rc1 57.Kd3 Kf6 58.Rf2 Kg5 59.Ra2 Rd1+ 
60.Ke2 Rg1 61.Kd3 Rf1 62.Ra7 Kf6 63.Ra2 Rf3 64.Kd4 Rh3 65.Re2 Rh4 66.Kd3 
Ke5 67.Ra2 Rh3 68.Rf2 Kf6 69.Kd4 Kg5 70.Ra2 Rh4 71.Kd3 Kf6 72.Rf2 Ke5 73.
Ra2 Rh7 74.Rb2 Rg7 75.Ra2 Rh7 76.Rb2 Rh8 77.Ra2 Rb8 78.Ra7 Kf6 79.Ra2 Rb3+
80.Kd4 e5+ 81.dxe6 Kxe6 82.Rf2 Rb1 83.Kd3 Ke5 84.Ra2 Rb3+ 85.Kd2 Ke4 86.
Ra6 Rb2+ 87.Kc3 Rxh2 88.Rxd6 g3 89.Rg6 Kf3 90.c5 Re2 91.Kd4 Rc2 92.Rg5 f4 
93.exf4 Kxf4 94.Rg8 Kf3 95.Kd5 Rd2+ 96.Ke6 Re2+ 97.Kd7 Rd2+ 98.Ke6 g2 99.
c6 Rd8 100.Rxg2 Kxg2 101.c7 1/2-1/2

[Event "VII C.to Europeo femminile"]
[Site "Kusadasi TUR"]
[Date "2006.04.13"]
[Round "9"]
[White "Sedina, Elena"]
[Black "Gaponenko, Inna"]
[Result "1/2-1/2"]
[WhiteElo "2373"]
[BlackElo "2430"]
[PlyCount "25"]
[EventDate "2006.04.04"]

1.e4 e5 2.Nf3 Nf6 3.Nc3 Bb4 4.Nxe5 O-O 5.Be2 Re8 6.Nd3 Bxc3 7.dxc3 Nxe4 8.
O-O h6 9.Nf4 Nc6 10.Be3 d6 11.Re1 Bf5 12.Bf1 Nf6 13.f3 1/2-1/2

[Event "VII C.to Europeo femminile"]
[Site "Kusadasi TUR"]
[Date "2006.04.14"]
[Round "10"]
[White "Andriasian, Siranush"]
[Black "Sedina, Elena"]
[Result "0-1"]
[WhiteElo "2237"]
[BlackElo "2373"]
[PlyCount "96"]
[EventDate "2006.04.04"]

1.e4 Nf6 2.Nc3 d5 3.e5 Nfd7 4.Nxd5 Nxe5 5.Ne3 c5 6.b3 e6 7.Bb2 Nbc6 8.f4 
Ng6 9.g3 b6 10.Bg2 Nge7 11.Nf3 Bb7 12.Qe2 Qc7 13.Ng5 Nd4 14.Bxd4 cxd4 15.
Nc4 Nc6 16.f5 d3 17.Qh5 exf5 18.cxd3 g6 19.Qe2+ Be7 20.O-O O-O 21.Nf3 Bc5+
22.Kh1 Rfe8 23.Ne3 Rad8 24.Rac1 Qd7 25.Ne1 Ne5 26.Rc3 Bb4 27.d4 Bxg2+ 28.
Qxg2 Bxc3 29.dxc3 Ng4 30.Nxg4 fxg4 31.Nd3 Qd5 32.Ne5 f5 33.Qxd5+ Rxd5 34.
Kg2 Rc8 35.Nc4 b5 36.Ne3 Rdd8 37.Nd1 b4 38.c4 Rxd4 39.Ne3 Kf7 40.Nd5 a5 
41.Rf2 Re8 42.Rc2 Re1 43.Nf4 Red1 44.Re2 R4d2 45.Kf2 g5 46.Nd5 Rxe2+ 47.
Kxe2 Rxd5 48.cxd5 Ke7 0-1